[Event "BL 2017-18"]
[Site "Germany"]
[Date "2018.04.29"]
[Round "13"]
[White "Naiditsch, Arkadij"]
[Black "Buhmann, Rainer"]
[Result "0-1"]
[WhiteElo "2701"]
[BlackElo "2589"]
[Annotator "TA"]
[PlyCount "106"]
[EventDate "2018.05.24"]
[EventType "team-tourn"]
[EventCountry "GER"]
[SourceTitle "playchess.com"]
[Source "ChessBase"]
[SourceQuality "1"]
[WhiteTeam "Baden-Baden"]
[BlackTeam "Hockenheim"]

{[%evp 11,106,0,0,0,0,0,0,0,0,0,0,-41,-7,-19,47,42,39,39,41,38,43,42,41,39,64,64,64,64,58,58,46,36,53,43,52,31,17,25,24,0,41,55,32,23,27,41,46,30,50,7,18,2,38,38,37,41,37,2,18,0,4,-192,-193,-189,-189,-246,-245,-366,-388,-374,-154,-173,-173,-315,-160,-156,-143,-150,-146,-150,-146,-143,-136,-194,-195,-195,-195,-199,-191,-190,-190,-190,-190,-29992,-29993,-29997,-29998]} 1. e4 e6 2. d4 d5 3. Nc3 Nf6 4. Bg5 Bb4 5. e5 h6 6. Bc1 Ne4 7. Qg4 {C12: French: Classical System: McCutcheon Variation} Kf8 {Strongly threatening ...c5.} (7... Nxc3 $6 8. Qxg7 Kd7 9. Bd2 $16) 8. Nge2 c5 9. a3 $1 {[%cal Ra3b4] The position is equal.} h5 10. Qf4 Ba5 11. dxc5 $146 (11. b4 $5 {[%cal Rc3e4]} Nxc3 12. Nxc3 cxb4 13. axb4 Bxb4 14. Bd2 $11) ({Predecessor:} 11. b4 Nxc3 12. Nxc3 cxb4 13. Nb5 b3+ 14. Bd2 Bxd2+ 15. Kxd2 {½-½ (66) Baghdasaryan,V (2368)-L'Ami,E (2613) Groningen 2014}) 11... Nxc3 (11... Nc6 {is more complex.} 12. Rb1 Nxc3 13. Nxc3 d4 14. b4 Bc7) 12. Nxc3 {Hoping for b4.} Bxc3+ (12... Nc6 $1 $11) 13. bxc3 $14 Qa5 14. Bd2 $36 {[%mdl 2048] White is more active.} Nc6 15. c4 Qxc5 16. cxd5 exd5 17. Bd3 Be6 18. O-O Qd4 19. Qxd4 Nxd4 20. Rfb1 b6 21. a4 {[%cal Ba3a4,Ba4a5][%mdl 32]} Bf5 22. Bxf5 Nxf5 23. Rb5 Ke7 24. a5 Rhc8 25. Bg5+ Kd7 26. Rxd5+ Ke6 27. Rd2 b5 28. Rad1 Rc4 29. Rd7 a6 30. Rb7 Rac8 31. h3 h4 32. Ra7 R4c6 33. Bd8 b4 34. Rd2 Kxe5 (34... Rxc2 $6 35. Rxa6+ Kxe5 36. Rxc2 $16) 35. Re2+ Kf4 36. Re8 $2 (36. Bxh4 $11 Nxh4 37. g3+ Kf5 38. gxh4) 36... f6 $1 $19 (36... Rxc2 37. Rb7 $11) 37. Rb7 Rc4 {...Nd6 is the strong threat.} ({Worse is} 37... Rxc2 38. Rxb4+ R8c4 39. Bc7+ Kg5 40. Rxc4 $14) 38. Rh8 (38. Rf8 $142) 38... Kg5 ({Not} 38... Rxc2 39. Rxb4+ Ke5 40. Rb6 $15) 39. Rb6 (39. Bxf6+ {was worth a try.} gxf6 40. Rxc8 Rxc8 41. Rxb4) 39... Kg6 (39... Rxc2 $2 40. Rxb4 Kg6 41. Rg4+ Kf7 42. Rh5 $19) 40. Kh2 R4c6 (40... Rxc2 $19 {aiming for ...b3.} 41. Rxb4 Rd2 42. Rg4+ Kf7) 41. Rxb4 $17 Rxc2 42. Rg4+ Kf7 43. Rf4 Ne7 $1 {[%cal Re7g6] Threatens to win with ...Ng6.} 44. Rd4 {And now Rd7 would win.} Ng6 ({Reject} 44... Rxf2 45. Rd7 $11) 45. Rh5 Rxf2 46. Bb6 Ra2 47. Rhd5 (47. Rd7+ $17 Kg8 48. Rd8+ Rxd8 49. Bxd8) 47... Rcc2 $19 48. Rd7+ Ke6 $1 49. R4d6+ Kf5 50. Rd5+ {[#]} Ne5 $1 51. Rxg7 {[#]} Rc1 $1 {White must now prevent ...Raa1.} 52. Rc5 $2 (52. Rh7 $19) 52... Rxc5 53. Bxc5 Nf3+ $1 {Precision: White = 46%, Black = 70%.} 0-1

[Event "BL 2017-18"]
[Site "Germany"]
[Date "2018.04.29"]
[Round "13"]
[White "Saric, Ivan"]
[Black "Bacrot, Etienne"]
[Result "1-0"]
[WhiteElo "2677"]
[BlackElo "2718"]
[Annotator "TA"]
[PlyCount "95"]
[EventDate "2018.05.24"]
[EventType "team-tourn"]
[EventCountry "GER"]
[SourceTitle "playchess.com"]
[Source "ChessBase"]
[SourceQuality "1"]
[WhiteTeam "Hockenheim"]
[BlackTeam "Baden-Baden"]

{[%evp 12,95,6,8,11,0,0,0,0,0,4,0,16,-4,0,0,20,29,20,5,15,0,14,0,78,64,65,56,59,0,0,0,80,38,32,31,48,0,0,0,0,0,0,0,0,0,0,0,54,56,229,227,229,224,186,176,147,147,194,188,203,202,202,100,95,84,266,268,361,362,313,364,357,347,321,276,282,281,354,351,345,337,339,335,331,296]} 1. e4 e5 2. Nf3 Nc6 3. Bb5 Nf6 4. d3 Bc5 5. Nbd2 d6 6. c3 O-O 7. O-O Ne7 {C65: Ruy Lopez: Berlin Defence (3...Nf6), unusual lines and 4 0-0 Bc5} 8. d4 exd4 9. cxd4 Bb6 {The position is equal.} 10. Re1 Bg4 11. h3 Bh5 12. a4 a6 13. Bf1 {[#]} Bg6 $146 ({Predecessor:} 13... Nc6 14. a5 Ba7 15. Ra4 {1-0 (40) Caruana,F (2804)-Kramnik,V (2812) Leuven 2016}) 14. a5 Ba7 15. Ra4 Nc6 16. d5 Nb8 17. Nh4 Nbd7 (17... c6 $11 {remains equal.}) 18. Ndf3 Re8 {[%cal Rg6e4]} 19. Nxg6 hxg6 20. Rc4 (20. Qc2 $14) 20... b5 $1 $11 {[%cal Rb5c4]} 21. axb6 $1 Bxb6 (21... Nxb6 $11 22. Rc2 Rxe4) 22. Qc2 a5 23. b3 Bc5 24. e5 Nxd5 25. Bg5 Qb8 {[#]} 26. e6 $1 {[%mdl 512]} Rxe6 27. Rxe6 fxe6 28. Qxg6 Nf8 29. Qc2 Nb4 ({Better is} 29... Ra7 $11) 30. Qb2 $14 {[%mdl 1024] And now Rg4 would win. White has compensation.} Qe8 $2 {[#]} (30... Ng6 $14) 31. Rg4 $1 $18 {Bh6 is the strong threat.} Qf7 32. Bh6 {[%cal Rg4g7]} Ng6 33. h4 {[%cal Bh3h4,Bh4h5][%mdl 32]} gxh6 34. h5 Rf8 35. Kh1 (35. Rxg6+ Kh7 $14) 35... e5 {Threatens to win with ...Qf5.} 36. Bc4 (36. Rxg6+ Kh7 $17) 36... d5 {[#] Strongly threatening ...Qf5.} 37. Rxg6+ (37. Qd2 $1 $18 Kh8 38. Bxd5 (38. Rxg6 Qf4 $11) (38. hxg6 Qg7 $11) 38... Nxd5 39. hxg6) 37... Kh7 $16 38. Qxe5 $40 {[%mdl 128] White has strong attack.} Re8 $2 (38... Qe7 $16 39. Qg3 Rf6) 39. Rf6 $18 Rxe5 40. Rxf7+ Kg8 41. Nxe5 dxc4 42. bxc4 {[%mdl 4096] Endgame KRN-KBN} Bd4 43. Rf5 ({Less strong is} 43. Rxc7 Bxe5 44. Ra7 Bd4 $16) 43... a4 44. Nf3 Bb2 45. Ra5 a3 {Threatening ...a2.} 46. Nd2 {White has a decisive advantage.} Nd3 {and the idea ...Nc1 leaves Black hopeful.} 47. Nb1 Nxf2+ 48. Kg1 {Precision: White = 71%, Black = 61%.} 1-0

[Event "BL 2017-18"]
[Site "Germany"]
[Date "2018.04.29"]
[Round "13"]
[White "Ragger, Markus"]
[Black "Cornette, Matthieu"]
[Result "1-0"]
[WhiteElo "2666"]
[BlackElo "2618"]
[Annotator "TA"]
[PlyCount "124"]
[EventDate "2018.05.24"]
[EventType "team-tourn"]
[EventCountry "GER"]
[SourceTitle "playchess.com"]
[Source "ChessBase"]
[SourceQuality "1"]
[WhiteTeam "Solingen"]
[BlackTeam "Schwaebisch Hall"]

{[%evp 16,124,19,26,26,20,26,23,18,8,12,7,13,10,28,8,7,6,22,6,8,0,0,0,0,0,-1,0,50,50,50,50,50,44,51,51,51,41,51,41,52,50,51,50,57,55,54,53,47,31,36,31,77,12,11,9,40,0,23,0,78,85,104,7,92,99,135,132,132,125,133,0,0,0,123,123,135,133,152,155,273,183,179,102,110,113,105,105,107,95,100,103,103,107,136,133,130,125,290,295,272,299,277,161,407,403,398,398,351,341,351]} 1. e4 e6 2. d4 d5 3. Nd2 c5 4. Ne2 cxd4 5. Nxd4 Nf6 6. exd5 Qxd5 7. Nb5 {C07: French Tarrasch: 3...c5, 4 Ngf3 and 4 exd5 Qxd5} Qd8 8. Nc4 (8. Bd3 a6 9. Nc3 Nc6 10. O-O Ne5 11. Be2 b5 12. Nf3 Qxd1 13. Rxd1 Nc6 14. Bf4 Bb7 {0-1 (53) Vachier Lagrave,M (2796)-Caruana,F (2808) Paris 2017}) 8... Nd5 9. Ne3 {LiveBook: 3 Games. The position is equal.} a6 10. Nxd5 exd5 11. Nd4 Nc6 12. Be2 Bd6 13. Be3 O-O 14. O-O Re8 $146 ({Predecessor:} 14... Qc7) 15. c3 Qc7 16. h3 Bh2+ 17. Kh1 Bf4 18. Bxf4 Qxf4 19. Bf3 Nxd4 20. Qxd4 Qxd4 21. cxd4 Bf5 22. Bxd5 Be4 23. Bb3 Rad8 24. Rfd1 Bd5 25. Bxd5 Rxd5 $14 {[%mdl 4096] Endgame KRR-KRR} 26. Rd2 (26. Rac1 {feels hotter.} h5 27. Rc5 Rd6 28. Rc2 Red8 29. Rcd2) 26... h5 27. Kg1 Red8 28. Rad1 Kh7 29. h4 Kg6 30. Kf1 R8d7 31. Rd3 f6 32. Ke2 Kf5 33. Rf3+ Ke4 34. Re3+ (34. Rdd3 $16) 34... Kf5 $11 35. Red3 Re7+ 36. Re3 Red7 37. Rf3+ (37. Rb3 $11) 37... Ke4 $16 38. Rdd3 Rxd4 39. Rde3+ Kd5 40. Rf5+ Kc4 41. Rc3+ ({Inferior is} 41. Rxh5 Rd2+ 42. Kf3 Rxb2 $11) 41... Kb4 {Threatening ...Rd2+.} 42. Rb3+ Kc4 43. Rc3+ Kb4 {next ...Rd2+ is good for Black.} 44. Rb3+ Kc4 $1 45. Rxh5 Rd2+ 46. Ke3 Rc2 47. Rh8 Rc7 (47... Re7+ $16 {is a better defense.} 48. Kf3 Kd5) 48. Rd8 b5 {[#]} 49. Rd4+ (49. Ra8 $1 $18) 49... Kc5 50. Rd2 Re7+ 51. Kd3 Rc4 52. Rc3 Rxc3+ 53. Kxc3 {KR-KR} Re4 54. g3 Rc4+ 55. Kd3 Kd5 56. Re2 g5 $2 (56... Ra4 $16) 57. h5 $18 Rc1 58. Re8 Rh1 59. g4 (59. Rd8+ $142 Ke5 60. Ra8) 59... f5 $2 (59... Rg1 60. Rh8 Ke5) 60. gxf5 {[%cal Bg4f5,Bf5f6][%mdl 32]} Rxh5 {[#]} 61. f6 $1 {[%cal Rf6f7] aiming for f7.} Rh7 62. Ra8 g4 {Precision: White = 71%, Black = 57%.} 1-0

[Event "BL 2017-18"]
[Site "Germany"]
[Date "2018.04.29"]
[Round "13"]
[White "Laznicka, Viktor"]
[Black "Rapport, Richard"]
[Result "0-1"]
[WhiteElo "2657"]
[BlackElo "2713"]
[Annotator "TA"]
[PlyCount "80"]
[EventDate "2018.05.24"]
[EventType "team-tourn"]
[EventCountry "GER"]
[SourceTitle "playchess.com"]
[Source "ChessBase"]
[SourceQuality "1"]
[WhiteTeam "Schwaebisch Hall"]
[BlackTeam "Solingen"]

{[%evp 17,80,4,8,3,25,23,41,29,45,21,33,10,16,24,14,7,48,49,46,25,17,-22,-11,-26,0,-6,-2,-57,-31,-17,-4,-262,-242,-406,-395,-359,-274,-340,-351,-352,-347,-311,-335,-1657,-287,-289,-293,-305,-310,-299,-284,-334,-343,-341,-336,-348,-334,-348,-362,-454,-459,-452,-447,-502,-498]} 1. Nf3 Nf6 2. c4 g6 3. b3 Bg7 4. Bb2 O-O 5. e3 c5 6. Be2 b6 7. O-O Bb7 8. d4 Na6 9. Nc3 d5 10. Rc1 {E61: King's Indian: Early deviations for White, including Smyslov System} Rc8 {[%cal Ba8c8,Bc8c5,Bc5h5][%mdl 32]} 11. Nb5 dxc4 $146 ({Predecessor:} 11... Nc7 12. dxc5 Nxb5 13. c6 Rxc6 14. cxb5 Rxc1 15. Qxc1 Ne4 16. Bxg7 Kxg7 17. Qb2+ Kg8 {1-0 (61) Fernandez,D (2447)-Johansson,L (2391) Vaxjo 2015}) 12. Bxc4 {White is slightly better.} cxd4 13. Nfxd4 Rc5 14. Qe2 Qb8 15. Nc3 Rh5 {[%csl Gh5][%cal Rb8h2]} 16. f4 Nc5 {[%cal Ba6c5,Bc5d7,Bd7f6,Bf6e4][%mdl 32]} 17. b4 e5 18. Nf3 Ncd7 19. Qd2 exf4 20. exf4 b5 $36 {[%mdl 2048] Black has the initiative.} 21. Bb3 a5 22. a3 (22. bxa5 $11 Ng4 23. Ne2 Bxb2 24. Qxb2) 22... Ng4 23. Ne2 Ndf6 {Strongly threatening ...Ne4.} 24. h3 $2 {[%mdl 8192] [#]} (24. Bd4 $11 {and White stays safe.}) 24... Ne4 $1 $19 {[%cal Re4d2]} 25. Qd7 $2 (25. Qd3 {is the only way for White.} Ngf2 26. Qb1 Bxb2 27. Qxb2) 25... Bxb2 26. hxg4 Qa7+ 27. Ned4 {Rc7 is the strong threat.} Nf6 28. Qd6 {Hoping for Rc7.} Bxf3 ({Not} 28... Nxg4 29. Rc7 $11) 29. gxh5 Ne4 30. Qd5 $2 (30. Bxf7+ Qxf7 31. hxg6 hxg6 32. Qb6) 30... Qxd4+ $2 (30... Bxd4+ 31. Kh2 {[#]} Bg1+ $1 {[%mdl 512]} 32. Kh3 Nf2+ 33. Rxf2 Bxd5 34. Rxg1 Qxf2 35. Bxd5 Qxg1) 31. Qxd4 Bxd4+ 32. Kh2 Bxh5 33. Rfe1 Nf2 34. Rc7 axb4 35. axb4 {[#]} g5 $1 36. Rd7 (36. fxg5 Nd3) 36... Bc3 37. Rf1 Ng4+ ({Worse is} 37... Bxb4 38. Rxf2 Bc5 39. Rf1 $16) 38. Kg3 Nf6 {Black is clearly winning.} 39. Rb7 Be2 40. Rc1 Bd2 {Precision: White = 37%, Black = 54%.} 0-1

[Event "BL 2017-18"]
[Site "Germany"]
[Date "2018.04.29"]
[Round "13"]
[White "Van Kampen, Robin"]
[Black "Womacka, Mathias"]
[Result "1-0"]
[WhiteElo "2651"]
[BlackElo "2439"]
[Annotator "TA"]
[PlyCount "133"]
[EventDate "2018.05.24"]
[EventType "team-tourn"]
[EventCountry "GER"]
[SourceTitle "playchess.com"]
[Source "ChessBase"]
[SourceQuality "1"]
[WhiteTeam "Solingen"]
[BlackTeam "Schwaebisch Hall"]

{[%evp 9,133,13,28,10,12,20,0,-17,-12,-13,-16,8,-33,-46,-39,-44,-42,-62,-35,-49,-11,-11,-7,-53,-52,-54,-57,-61,-54,-54,-32,-32,-35,-41,79,0,0,0,-6,-9,-8,-6,0,-12,-12,-3,-14,-27,0,-35,0,0,0,0,0,0,0,-110,-112,-97,-89,-144,-128,-113,-85,-72,-60,-94,0,0,0,0,0,0,0,0,50,49,49,42,106,77,113,74,74,77,80,80,93,102,124,74,264,237,359,350,343,347,318,323,444,444,444,444,444,444,444,444,426,106,122,0,0,0,0,0,0,0,0,0,0,0,5804,4627,4618,4582]} 1. e4 c5 2. Nc3 Nc6 3. Nge2 Nd4 4. Nxd4 cxd4 5. Ne2 e5 {LiveBook: 15 Games} 6. Ng3 {B23: Closed Sicilian: Lines without g3} (6. c3 dxc3 7. dxc3 Bc5 8. Ng3 Qf6 9. Be3 Bxe3 10. fxe3 Nh6 11. Qd2 O-O 12. O-O-O d6 13. Bc4 {1-0 (33) Landa,K (2632)-Ikonnikov,V (2555) Vlissingen 2013}) 6... d5 7. Bb5+ Bd7 8. Qe2 $146 {The position is equal.} ({Predecessor:} 8. Bxd7+ Qxd7 9. O-O dxe4 10. Qh5 Qd5 11. c4 Qe6 12. Nxe4 Be7 13. d3 {1-0 (110) Ducarmon,Q (2461)-Koch,T (2467) Germany 2015}) 8... Bxb5 9. Qxb5+ Qd7 10. Qxd7+ Kxd7 11. exd5 Rc8 12. c3 Nf6 $36 {[%mdl 2048] Black is pushing.} 13. Kd1 Nxd5 14. Re1 dxc3 15. dxc3 f6 {[%cal Bf7f6,Bf6f5][%mdl 32]} 16. Ne4 Be7 17. Bd2 Ke6 18. a3 f5 19. Ng3 $1 h5 20. Ne2 Kf7 21. Kc2 g5 (21... Bf6 $15 {stays ahead.}) 22. Rad1 ({White should try} 22. Ng1 $1 $16) 22... g4 $11 23. Bc1 Nb6 24. b3 h4 25. c4 Rhd8 26. Nc3 {Black must now prevent Rxd8.} Rxd1 27. Rxd1 Ke6 28. a4 Rd8 29. Re1 Bc5 30. Re2 a5 31. Nb5 Nd7 32. Bg5 Rh8 33. Rd2 (33. h3 $11) 33... Nf6 $17 34. Nc7+ Kf7 35. Bxf6 (35. Re2 $142 Ne4 36. Be3) 35... Kxf6 {[%mdl 4096] Endgame KRB-KRN} 36. Kd1 e4 37. Ke2 b6 38. Nd5+ Ke5 (38... Kg5 $1 $17) 39. Ne3 $1 $11 {Black should prevent Rd5+.} Rf8 40. Rd7 {[#]} g3 $1 {[%mdl 512]} 41. hxg3 (41. fxg3 hxg3) 41... hxg3 42. fxg3 Rh8 43. Rd5+ Ke6 44. Nxf5 Rh1 {[#]} ({Black should play} 44... Rg8 $14) 45. Nd4+ $1 $16 Kf6 46. g4 Rg1 47. Ke3 Rxg2 48. g5+ Kg6 49. Kxe4 Rg4+ 50. Ke3 Rh4 $2 (50... Kf7 $16 {might work better.}) 51. Kd3 $18 Rh3+ {[#]} (51... Rg4 $142 52. Ne6 Rg3+ 53. Kd2 Bb4+ 54. Ke2 Kf7) 52. Ke4 $1 Rh4+ 53. Ke5 Rh3 54. Rd8 Bxd4+ 55. Rxd4 ({Not} 55. Kxd4 Rxb3 56. Rd5 Rb4 $16) 55... Rxb3 {KR-KR} 56. Kf4 Rb4 57. Rd6+ Kf7 58. Rc6 Rxa4 59. Kf5 {White wants to mate with g6+.} Ra1 60. g6+ (60. Rxb6 $16 Rf1+ 61. Ke5) 60... Kg7 $11 61. Rxb6 a4 $1 62. Rb7+ Kg8 63. Ra7 {Strongly threatening Kf6.} a3 64. Kf6 {[%cal Ra7a8]} Rf1+ 65. Ke5 Rf3 $2 {[%mdl 8192]} (65... Ra1 $11) 66. c5 $18 {[%cal Bc4c5,Bc5c6][%mdl 32]} Rg3 67. c6 {Precision: White = 64%, Black = 58%.} 1-0

[Event "BL 2017-18"]
[Site "Germany"]
[Date "2018.04.29"]
[Round "13"]
[White "Moiseenko, Alexander"]
[Black "Svidler, Peter"]
[Result "1/2-1/2"]
[WhiteElo "2650"]
[BlackElo "2760"]
[Annotator "TA"]
[PlyCount "43"]
[EventDate "2018.05.24"]
[EventType "team-tourn"]
[EventCountry "GER"]
[SourceTitle "playchess.com"]
[Source "ChessBase"]
[SourceQuality "1"]
[WhiteTeam "Hockenheim"]
[BlackTeam "Baden-Baden"]

{[%evp 20,43,32,29,33,3,15,18,37,29,44,35,29,36,26,25,31,36,36,35,27,33,48,50,43,47]} 1. d4 Nf6 2. c4 g6 3. Nc3 d5 4. cxd5 Nxd5 5. e4 Nxc3 6. bxc3 Bg7 7. Nf3 c5 8. Bb5+ Bd7 9. Be2 Qa5 {D85: Exchange Grünfeld: Unusual White 7th moves and lines with 7 Nf3} 10. Bd2 O-O 11. O-O {LiveBook: 4 Games} Qa4 {White has an edge.} (11... Ba4 12. Qc1 Nd7 13. c4 Qa6 14. d5 e6 15. Bc3 exd5 16. exd5 {0-1 (41) Esipenko,A (2564)-Vachier Lagrave,M (2789) Riadh 2017}) 12. Bg5 cxd4 $146 ({Predecessor:} 12... Qxd1 13. Rfxd1 Ba4 14. Rdc1 cxd4 15. cxd4 e6 16. e5 Nd7 17. Nd2 f6 18. exf6 Nxf6 19. Bc4 Nd5 20. Nf3 Rac8 21. Rab1 b6 22. h3 {½-½ (22) Schliebener,S (2300)-Pribyl,J (2470) Pardubice 1993}) 13. cxd4 {Black should prevent Qxa4.} h6 14. Be3 {And now Qd2 would win.} Rc8 15. Qd2 {Threatens to win with Rfc1.} Rc2 16. Bd1 Rxd2 17. Bxa4 Rb2 18. Bxd7 Nxd7 19. Rfb1 Rb6 20. a4 {[%cal Ba2a4,Ba4a5][%mdl 32]} Rc8 21. a5 Rxb1+ 22. Rxb1 1/2-1/2

[Event "BL 2017-18"]
[Site "Germany"]
[Date "2018.04.29"]
[Round "13"]
[White "Gustafsson, Jan"]
[Black "Braun, Arik"]
[Result "1-0"]
[WhiteElo "2643"]
[BlackElo "2588"]
[Annotator "TA"]
[PlyCount "75"]
[EventDate "2018.05.24"]
[EventType "team-tourn"]
[EventCountry "GER"]
[SourceTitle "playchess.com"]
[Source "ChessBase"]
[SourceQuality "1"]
[WhiteTeam "Baden-Baden"]
[BlackTeam "Hockenheim"]

{[%evp 19,75,12,38,0,0,-13,-8,-8,-7,-56,-23,-31,0,0,0,0,5,8,21,18,71,16,138,133,168,175,213,163,170,139,262,255,191,250,237,185,395,346,468,466,389,368,474,492,1051,1011,918,734,1264,1272,1973,2031,2971,2923,3951,3219,6407,5500]} 1. d4 Nf6 2. c4 e6 3. Nc3 Bb4 4. Qc2 d5 5. a3 Bxc3+ 6. Qxc3 dxc4 7. Qxc4 b6 {E36: Nimzo-Indian: Classical: 4...d5 5 a3} 8. Nf3 Ba6 9. Qa4+ Qd7 10. Qc2 h6 {LiveBook: 3 Games} (10... Qc6 11. Qxc6+ Nxc6 12. Bf4 O-O-O 13. Rc1 Kb7 14. g3 Rhe8 15. Bg2 {0-1 (42) Akobian,V (2647)-Anand,V (2782) Riadh 2017}) 11. Bf4 O-O 12. Rd1 $146 ({Predecessor:} 12. Be5 Qe7 13. Rc1 Rc8 14. e3 Bxf1 15. Kxf1 c5 16. Bxf6 Qxf6 17. Ke2 Nd7 {½-½ (17) Brown,M (2514)-Thavandiran,S (2389) Dallas 2017}) 12... Rc8 13. Ne5 Qe8 14. b4 c5 (14... Bb5 $5 {[%cal Rb5a4]} 15. Rb1 Nbd7 $15) 15. dxc5 bxc5 16. bxc5 Qb5 17. g3 {Strongly threatening Bg2.} Bb7 $132 {[%mdl 2048] Black has counterplay} 18. f3 Qa5+ 19. Kf2 Nd5 (19... Na6 $11) 20. Bd2 (20. Rc1 $1 $16) 20... Qxa3 {[#]} (20... Qxc5+ $11 {keeps the balance.} 21. Qxc5 Rxc5) 21. e4 $1 $16 {[%cal Re4d5]} Ne7 22. Rb1 {And now Bb4 would win.} Bc6 23. Be3 {Threatens to win with Nc4.} Qa5 24. Be2 Be8 (24... Qc7 $16 {was worth a try.}) 25. Rb7 $18 Nec6 {[#]} 26. Nc4 $1 {[%cal Rc4a5]} Qd8 27. Rd1 Qf6 $2 (27... Nd7 28. Rb2 Rab8) 28. f4 {[%cal Bf3f4,Bf4f5][%mdl 32]} Qg6 29. Nd6 Rd8 30. Qc3 Bd7 31. g4 {White is clearly winning.} e5 (31... Qf6 $142 32. Qxf6 gxf6) 32. f5 Qf6 33. Kg3 Nd4 34. Rxd4 exd4 35. Bxd4 Qe7 36. Bxg7 Nc6 37. Bf6 Qf8 38. Bc4 {Precision: White = 75%, Black = 26%.} 1-0

[Event "BL 2017-18"]
[Site "Germany"]
[Date "2018.04.29"]
[Round "13"]
[White "Parligras, Mircea-Emilian"]
[Black "Meier, Georg"]
[Result "1/2-1/2"]
[WhiteElo "2638"]
[BlackElo "2636"]
[Annotator "TA"]
[PlyCount "62"]
[EventDate "2018.05.24"]
[EventType "team-tourn"]
[EventCountry "GER"]
[SourceTitle "playchess.com"]
[Source "ChessBase"]
[SourceQuality "1"]
[WhiteTeam "Aachen"]
[BlackTeam "SF Deizisau"]

{[%evp 24,62,3,2,10,12,12,5,11,10,17,5,13,4,15,0,0,0,0,-7,0,0,0,0,0,0,6,6,14,0,2,0,0,-11,0,0,7,1,12,7,8]} 1. d4 e6 2. Nf3 Nf6 3. c4 Bb4+ 4. Bd2 Bxd2+ 5. Qxd2 O-O 6. Nc3 d5 7. e3 Qe7 8. Rc1 dxc4 {E11: Bogo-Indian} (8... b6 9. cxd5 exd5 10. Bd3 Bb7 11. O-O c5 12. Rfe1 Nbd7 13. dxc5 bxc5 14. Na4 Rfc8 15. Bf5 g6 16. Bxd7 Nxd7 {½-½ (31) Cori Tello,J (2660)-Delgado Ramirez,N (2602) Lima 2018}) 9. Bxc4 c5 10. O-O Rd8 11. Qc2 cxd4 12. Nxd4 Bd7 13. Qb3 {LiveBook: 4 Games. The position is equal.} Be8 14. Bb5 Nbd7 15. Rfd1 Kf8 $146 ({Predecessor:} 15... g6 16. h3 a6 17. Bxd7 Rxd7 18. Na4 Rc7 19. Nb6 Rd8 20. Nf3 Rxd1+ 21. Rxd1 Bc6 22. Ne5 Be4 23. Nec4 Nd5 24. Rd4 Nxb6 25. Rxe4 Nxc4 {½-½ (25) Benidze,D (2359)-Supatashvili,K (2466) Tbilisi 2008}) 16. Be2 Ne5 17. Ncb5 {[#] Black must now prevent Nc7.} Nc6 18. Bf3 {[%cal Rd4c6]} Rab8 19. Qc2 {[%cal Rd4c6]} Nxd4 20. Nxd4 g6 21. Qb3 e5 22. Nb5 Bxb5 23. Qxb5 b6 24. h3 Rbc8 25. Rxd8+ Rxd8 26. Rc2 Kg7 27. a4 h5 28. Qc4 Rd7 29. g3 e4 30. Be2 Qe5 31. Kg2 Qa5 {Precision: White = 59%, Black = 59%.} 1/2-1/2

[Event "BL 2017-18"]
[Site "Germany"]
[Date "2018.04.29"]
[Round "13"]
[White "Van Foreest, Jorden"]
[Black "Leko, Peter"]
[Result "1/2-1/2"]
[WhiteElo "2636"]
[BlackElo "2691"]
[Annotator "TA"]
[PlyCount "65"]
[EventDate "2018.05.24"]
[EventType "team-tourn"]
[EventCountry "GER"]
[SourceTitle "playchess.com"]
[Source "ChessBase"]
[SourceQuality "1"]
[WhiteTeam "Aachen"]
[BlackTeam "SF Deizisau"]

{[%evp 20,65,10,1,4,0,18,-18,6,13,20,13,9,12,61,37,37,37,39,29,42,42,42,42,42,42,42,36,39,33,42,27,27,27,42,27,27,27,42,24,42,0,42,0,42,0,83,83]} 1. e4 e5 2. Nf3 Nc6 3. Bb5 Nf6 4. d3 Bc5 5. O-O Nd4 6. Nxd4 Bxd4 7. c3 {C65: Ruy Lopez: Berlin Defence (3...Nf6), unusual lines and 4 0-0 Bc5} (7. Nd2 c6 8. Ba4 d6 9. Nf3 Bb6 10. c3 h6 11. Re1 O-O 12. h3 Re8 13. Bc2 d5 14. d4 Nxe4 15. Bxe4 dxe4 16. Nxe5 {½-½ (57) Harikrishna,P (2744)-Wang,H (2709) Huaian 2017}) 7... Bb6 8. Na3 c6 9. Ba4 d6 10. Bc2 O-O 11. Nc4 {LiveBook: 4 Games} Bc7 12. Bg5 d5 13. Ne3 dxe4 14. dxe4 h6 {[#] Strongly threatening ...Qxd1.} 15. Bh4 Qxd1 16. Rfxd1 Be6 $146 17. Bxf6 gxf6 18. Bb3 Rad8 19. Kf1 Bc8 20. Ke2 Rxd1 21. Rxd1 Rd8 22. Rxd8+ Bxd8 $14 {[%mdl 4096] Endgame KBB-KBN} 23. Kd3 Bb6 24. f3 Kf8 25. Nf5 Bxf5 $1 26. exf5 $11 {KB-KB} Ke7 27. Bc4 Bg1 28. h3 Bf2 29. Bb3 Bg1 30. Bc4 Bf2 31. Bb3 Bg1 32. Bc4 e4+ (32... Bf2 $11 {keeps the balance.}) 33. Kxe4 {Precision: White = 24%, Black = 56%.} 1/2-1/2